1970s One Hit Wonders - Statistics

General Stats
  • This quiz has been taken 356 times
  • The average score is 12 of 23
Answer Stats
Year Song Musical Act % Correct
1971 American Pie Don McLean
89%
1979 Pop Muzik M
78%
1979 My Sharona The Knack
70%
1976 The Boys are Back in Town Thin Lizzy
65%
1971 Layla Derek and the Dominos
64%
1973 Stuck in the Middle with You Stealers Wheel
63%
1979 The Devil Went Down to Georgia Charlie Daniels Band
60%
1974 Seasons in the Sun Terry Jacks
56%
1977 Black Betty Ram Jam
54%
1976 Play That Funky Music Wild Cherry
52%
1977 Cat Scratch Fever Ted Nugent
51%
1974 Kung Fu Fighting Carl Douglas
50%
1974 Cat's in the Cradle Harry Chapin
50%
1977 You Light Up My Life Debby Boone
49%
1974 Hooked on a Feeling Blue Swede
44%
1979 Rapper's Delight The Sugarhill Gang
44%
1979 Ring My Bell Anita Ward
41%
1976 Afternoon Delight Starland Vocal Band
41%
1975 The Hustle Van McCoy
39%
1972 Me and Mrs. Jones Billy Paul
32%
1972 Dancing in the Moonlight King Harvest
24%
1976 Turn the Beat Around Vicki Sue Robinson
20%
1970 O-o-h Child The Five Stairsteps
19%
No matching quizzes found
Score Distribution
Percent of People with Each Score
Percentile by Number Answered
Your Score History
You have not taken this quiz